000 00574cam a22002291 4500
001 sa 67007220
003 DLC
005 20260227112414.0
008 940720s1964 ii ac 000 0 urdo
010 _asa 67007220
025 _aPL480:I-U-1269
035 _a(OCoLC)30799331
040 _aDLC
_cCU
_dCU
_dDLC
042 _apremarc
050 0 0 _aBP80.B24
_bN6
100 1 _aNomani, Laieq Ahmed,
_d1918-
245 1 0 _aSirāt-i Bandāh Navāz.
260 _c1964.
300 _a76 p.
_bill., port.
_c18 cm.
500 _aIn Urdu.
600 0 0 _aBandah Navāz,
_d1321-1422.
999 _c76442
_d76442